[Event "Rodovre-ch B"]
[Site "Rodovre"]
[Date "2005.10.11"]
[Round "6"]
[White "Helleshoj, Knud Erik"]
[Black "Hovhannes, Tutundjan"]
[Result "0-1"]
[WhiteElo "1508"]
[BlackElo "1544"]
[PlyCount "118"]
[EventDate "2005.09.06"]
[EventType "tourn"]
[EventRounds "7"]
[EventCountry "DEN"]
[SourceTitle "EXT 2023"]
[Source "ChessBase"]
[SourceDate "2022.10.05"]
[SourceVersion "1"]
[SourceVersionDate "2022.10.05"]
[SourceQuality "1"]

1. e4 c5 2. Nf3 d6 3. d4 cxd4 4. Nxd4 Nf6 5. Nc3 a6 6. Bc4 e6 7. h3 b5 8. Bb3 Bb7 9. f3 Nc6 10. Be3 Na5 11. a3 Nxb3 12. Nxb3 Be7 13. Qd2 0-0 14. 0-0-0 Rc8 15. Bf4 Rc6 16. Ne2 e5 17. Na5 exf4 18. Nxb7 Qb8 19. Na5 Rb6 20. Nxf4 Rc8 21. Nd3 h6 22. g4 Qc7 23. h4 Nh7 24. Kb1 Rbb8 25. Nf4 Bd8 26. Nb3 a5 27. Nd5 Qc6 28. f4 Nf6 29. Nxa5 Nxe4 30. Nxc6 Nxd2+ 31. Rxd2 Rxc6 32. Nb4 Rcb6 33. Rhd1 Bxh4 34. Rxd6 Bg3 35. Rd8+ Kh7 36. R8d7 R6b7 37. f5 g6 38. Nc6 Rxd7 39. Rxd7 Rb6 40. Nd4 gxf5 41. Nxf5 Bf4 42. Rxf7+ Kg6 43. Rf8 Kg5 44. Rg8+ Rg6 45. Rxg6+ Kxg6 46. Nd4 Kg5 47. Nxb5 Kxg4 48. c4 h5 49. Nd4 h4 50. b4 h3 51. Ne2 h2 52. Nxf4 h1Q+ 53. Kb2 Kxf4 54. c5 Ke5 55. Kb3 Kd5 56. Ka4 Qh8 57. Kb3 Kc6 58. Kc4 Qh4+ 59. Kb3 Qd4 0-1

[Event "Rodovre-ch B"]
[Site "Rodovre"]
[Date "2005.09.06"]
[Round "1"]
[White "Alic, Ohran"]
[Black "Hovhannes, Tutundjan"]
[Result "1-0"]
[WhiteElo "1582"]
[BlackElo "1544"]
[PlyCount "51"]
[EventDate "2005.09.06"]
[EventType "tourn"]
[EventRounds "7"]
[EventCountry "DEN"]
[SourceTitle "EXT 2023"]
[Source "ChessBase"]
[SourceDate "2022.10.05"]
[SourceVersion "1"]
[SourceVersionDate "2022.10.05"]
[SourceQuality "1"]

1. e4 c5 2. Nf3 d6 3. Bc4 e6 4. 0-0 Nf6 5. d3 Be7 6. e5 Nfd7 7. exd6 Bxd6 8. Nc3 a6 9. Ne4 Be7 10. a4 b6 11. d4 Bb7 12. Re1 Qc7 13. d5 exd5 14. Bxd5 0-0 15. Bf4 Qxf4 16. Bxb7 Ra7 17. Bd5 Nf6 18. c4 Rd7 19. Nxf6+ Bxf6 20. Qc2 Rfd8 21. Re4 Qc7 22. Rae1 Re7 23. Rxe7 Bxe7 24. Ne5 Rf8 25. Qf5 Bf6 26. Nxf7 1-0

[Event "Rodovre-ch B"]
[Site "Rodovre"]
[Date "2004.09.28"]
[Round "5"]
[White "Johansen, Erik"]
[Black "Hovhannes, Tutundjan"]
[Result "1/2-1/2"]
[WhiteElo "1493"]
[BlackElo "1582"]
[PlyCount "52"]
[EventDate "2004.08.31"]
[EventType "tourn"]
[EventRounds "7"]
[EventCountry "DEN"]
[SourceTitle "EXT 2023"]
[Source "ChessBase"]
[SourceDate "2022.10.05"]
[SourceVersion "1"]
[SourceVersionDate "2022.10.05"]
[SourceQuality "1"]

1. e4 c5 2. Nf3 d6 3. d4 cxd4 4. Nxd4 Nf6 5. Nc3 a6 6. a3 e6 7. Bc4 Nxe4 8. 0-0 Nf6 9. Bg5 Be7 10. Re1 0-0 11. Qe2 Re8 12. Nxe6 fxe6 13. Bxe6+ Kh8 14. Bf7 Bg4 15. f3 Qb6+ 16. Kh1 Bxf3 17. gxf3 Nbd7 18. Bxe8 Rxe8 19. Rab1 h6 20. Bxf6 Nxf6 21. Qd2 Qc6 22. Ne4 Nh5 23. Re3 d5 24. Rc3 Qe6 25. Nc5 Qf7 26. b4 Bg5 1/2-1/2